A pluralistic universe / (Record no. 84303)

MARC details
000 -LEADER
campo de control de longitud fija 00556nam a2200181 i 4500
001 - NÚMERO DE CONTROL
campo de control 84303
003 - IDENTIFICADOR DE NÚMERO DE CONTROL
campo de control ES-MaACL
005 - FECHA Y HORA DE LA ÚLTIMA TRANSACCIÓN
campo de control 20250926063050.0
007 - CAMPO FIJO DE DESCRIPCIÓN FÍSICA--INFORMACIÓN GENERAL
campo de control de longitud fija t|
008 - DATOS DE LONGITUD FIJA--INFORMACIÓN GENERAL
campo de control de longitud fija 041122s1909 xxk ||||1| eng d
100 1# - ENTRADA PRINCIPAL--NOMBRE DE PERSONA
Nombre de persona James, William,
Fechas asociadas al nombre 1842-1910
9 (RLIN) 65978
245 12 - MENCIÓN DEL TÍTULO
Título A pluralistic universe /
Mención de responsabilidad, etc. by William James.
260 ## - PUBLICACIÓN, DISTRIBUCIÓN, ETC.
Lugar de publicación, distribución, etc. London :
Nombre del editor, distribuidor, etc. Longmans, Green and Co,
Fecha de publicación, distribución, etc. 1909 (
Lugar de fabricación/manufactura Cambridge :
Fabricante University Press)
300 ## - DESCRIPCIÓN FÍSICA
Extensión V, 404 p. ;
Dimensiones 22 cm.
650 #7 - PUNTO DE ACCESO ADICIONAL DE MATERIA--TÉRMINO DE MATERIA
Término de materia o nombre geográfico como elemento de entrada Filosofía moderna
Fuente del encabezamiento o término embne
9 (RLIN) 144498
852 ## - LOCALIZACIÓN
Ubicación ES-MaACL
Número de control de estantería G-11719
Holdings
Estatus retirado Estado de pérdida Estado de daño No para préstamo Biblioteca de origen Biblioteca actual Ubicación en estantería Fecha de adquisición Fuente de adquisición Total de préstamos Signatura topográfica completa Código de barras Visto por última vez Precio de reemplazo Tipo de ítem Koha
        Biblioteca del Ateneo de Madrid Biblioteca del Ateneo de Madrid Sala Pecera Planta 3 17/01/2008     G-11719 1088104 23/02/2023 23/02/2023 Libro impreso